| 000 | 00749nam a2200277 a 4500 | ||
|---|---|---|---|
| 001 | 11933210 | ||
| 003 | LC | ||
| 005 | 20160222143017.0 | ||
| 008 | 000306s2000 wau 000 0 eng | ||
| 010 | _a 00101970 | ||
| 020 | _a0786914934 | ||
| 040 |
_aDLC _cDLC |
||
| 042 | _apcc | ||
| 050 |
_aPN 1993 _b.B273 2000 |
||
| 082 |
_aFIC _bB27d 2000 |
||
| 100 | 1 |
_aJr., Neal Barrett. _918524 |
|
| 245 | 1 | 0 |
_aDungeons & dragons movie novelization _cNeal Barrett Jr. |
| 260 |
_aBelgium : _bWizards of the Coast, _cc2000. |
||
| 300 |
_a278 p. ; _c18 cm. _bill, ; |
||
| 562 | _e1 | ||
| 700 | 1 |
_aSehestdt, Mark. _918525 |
|
| 906 |
_a0 _bibc _corignew _d2 _eepcn _f20 _gy-gencatlg |
||
| 942 |
_2lcc _cBK |
||
| 999 |
_c10990 _d10990 |
||